Elden Ring Starting Classes - Statistics

General Stats
  • This quiz has been taken 936 times
  • The average score is 7 of 10
Answer Stats
Answer % Correct
Samurai
91%
Wretch
80%
Prisoner
78%
Warrior
74%
Vagabond
72%
Astrologer
66%
Prophet
58%
Hero
57%
Confessor
55%
Bandit
52%
No matching quizzes found
Score Distribution
Percent of People with Each Score
Percentile by Number Answered
Your Score History
You have not taken this quiz